|
|
|
|
| LEADER |
01486nam a2200409Ia 4500 |
| 001 |
EBC3035655 |
| 003 |
MiAaPQ |
| 005 |
20200520144314.0 |
| 006 |
m o d | |
| 007 |
cr cn||||||||| |
| 008 |
020527s2002 nyua sb 001 0 eng d |
| 015 |
|
|
|a GBA2-X0825
|
| 020 |
|
|
|z 1402006764
|
| 035 |
|
|
|a (MiAaPQ)EBC3035655
|
| 035 |
|
|
|a (Au-PeEL)EBL3035655
|
| 035 |
|
|
|a (CaPaEBR)ebr10052679
|
| 035 |
|
|
|a (CaONFJC)MIL20006
|
| 035 |
|
|
|a (OCoLC)923696478
|
| 040 |
|
|
|a MiAaPQ
|c MiAaPQ
|d MiAaPQ
|
| 050 |
|
4 |
|a HD9769.F842
|b B56 2002
|
| 082 |
0 |
4 |
|a 333.95397
|2 21
|
| 245 |
0 |
0 |
|a Bioenergy from sustainable forestry
|h [electronic resource] :
|b guiding principles and practice /
|c edited by J. Richardson ... [et al.].
|
| 260 |
|
|
|a New York :
|b Kluwer Academic,
|c c2002.
|
| 300 |
|
|
|a xiv, 344 p. :
|b ill.
|
| 490 |
1 |
|
|a Forestry sciences ;
|v v. 71
|
| 504 |
|
|
|a Includes bibliographical references and index.
|
| 533 |
|
|
|a Electronic reproduction. Ann Arbor, MI : ProQuest, 2015. Available via World Wide Web. Access may be limited to ProQuest affiliated libraries.
|
| 650 |
|
0 |
|a Biomass energy.
|
| 650 |
|
0 |
|a Forest management.
|
| 650 |
|
0 |
|a Fuelwood crops.
|
| 650 |
|
0 |
|a Fuelwood industry.
|
| 650 |
|
0 |
|a Sustainable forestry.
|
| 655 |
|
4 |
|a Electronic books.
|
| 700 |
1 |
|
|a Richardson, J.
|q (James),
|d 1941-
|
| 710 |
2 |
|
|a ProQuest (Firm)
|
| 830 |
|
0 |
|a Forestry sciences ;
|v v. 71.
|
| 856 |
4 |
0 |
|u https://ebookcentral.proquest.com/lib/matrademy/detail.action?docID=3035655
|z Click to View
|